00730nas a2200217 a 4500001001000000003000900010005001700019008004100036040002500077043000900102222002000111245008000131260004600211300002500257310001600282362003300298500006000331650008900391942001500480999001700495000037471DO-SdBNP20250530115246.0120420c20089999dr ur1p dd 0 0spa d aDO-SdBNPbspacBNPHU anwdr 2aPlaneta digital00aPlaneta digital :bRevista de tecnología especializada en imagen Digital. aSanto Domingo :bAugusto Valdivia,c2008. av.- :bil. ;c29 cm. adesconocido1 aAño 1 no. 2 (febrero 2008) aCatalogación basada en : Año 1 no. 2 (febrero 2008) 0aTECNOLOGÍAxINFORMACIÓNvPUBLICACIONES PERIÓDICASzREPUBLICA DOMINICANA963916 2ddccISSUE c36961d36961